003310000a22001330004500060000800000082001600008100002100024245004400045250000600089260003100095260000900126300000800135650005400143 a100 a635.923 PIR aPirone, Pascel P aDiseases and pests of ornamental plants a5 aUSA, John Wiley & Sons INC c1943 a566 aPlants- Ornamental/ Plants diseases/ Plants pests